A history of the pakistan army wars and insurrections, (Record no. 185837)

000 -LEADER
fixed length control field 01096 a2200193 4500
003 - CONTROL NUMBER IDENTIFIER
control field Nust
005 - DATE AND TIME OF LATEST TRANSACTION
control field 20221228085616.0
040 ## - CATALOGING SOURCE
Transcribing agency Nust
082 ## - DEWEY DECIMAL CLASSIFICATION NUMBER
Classification number 355.3095491,CLO
100 ## - MAIN ENTRY--PERSONAL NAME
Personal name Brain Cloughley
9 (RLIN) 106146
245 ## - TITLE STATEMENT
Title A history of the pakistan army wars and insurrections,
Remainder of title Kargil Issue /
Statement of responsibility, etc. Brain Cloughley
250 ## - EDITION STATEMENT
Edition statement 2nd ed
260 ## - PUBLICATION, DISTRIBUTION, ETC.
Place of publication, distribution, etc. Army Education Publishing House
Name of publisher, distributor, etc. Pakistan
Date of publication, distribution, etc. 2001-2002
300 ## - PHYSICAL DESCRIPTION
Extent 435 p.;
Other physical details illus
Dimensions 24 cm
505 ## - FORMATTED CONTENTS NOTE
Formatted contents note The Beginning (Page-1), Ayub Khan Adjutant General To President (Page-23), Preparation of War (Page-52), 1965 Phase one Kashmir (Page-63), The September War (Page-79), The Last Year of Ayub Khan (Page-124), Yahya Khan and the Inevitability of the 1971 War (Page-144), Civil War in the India Invasion(Page-160), War in the West and the Fall of Yahya (Page-222), Zulfikar Ali Bhutto (Page-239), The Years of Zia (Page-271), Democracy Again (Page-300), The New Modern Army (Page-339), Epilogue Karamat to Kargil (Page-360).
600 ## - SUBJECT ADDED ENTRY--PERSONAL NAME
Personal name Brain Cloughley
9 (RLIN) 106146
650 ## - SUBJECT ADDED ENTRY--TOPICAL TERM
Topical term or geographic name entry element Telecommunication engineering
942 ## - ADDED ENTRY ELEMENTS (KOHA)
Source of classification or shelving scheme
Koha item type Book
Call number prefix 355.3095491,CLO
Holdings
Withdrawn status Lost status Source of classification or shelving scheme Damaged status Not for loan Permanent Location Current Location Shelving location Date acquired Full call number Barcode Date last seen Price effective from Koha item type Public note
          Military College of Signals (MCS) Military College of Signals (MCS) General Stacks 12/12/2016 355.3095491,CLO MCS27823 12/08/2016 12/12/2016 Book Almirah No.51, Shelf No.4
          Military College of Signals (MCS) Military College of Signals (MCS) General Stacks 12/12/2016 355.3095491,CLO MCS28819 12/08/2016 12/12/2016 Book Almirah No.74, Shelf No.1
          Military College of Signals (MCS) Military College of Signals (MCS) General Stacks 12/12/2016 355.3095491,CLO MCS28820 12/08/2016 12/12/2016 Book Almirah No.51, Shelf No.4
© 2023 Central Library, National University of Sciences and Technology. All Rights Reserved.